000 00537nam a2200205Ia 4500
003 0100
008 130227s9999 xx 000 0 und d
040 _cARRUPELIB
050 _aHT1321.F57
100 _aFisher, Humphrey J.
245 _aSlavery in the history of Muslim black Africa
260 _aLondon
260 _bHurst & Company
260 _C2001
300 _a410p.
300 _b 23 cm
650 _bSpanish language - Dictionaries - English
650 _cEnglish language - Dictionaries - Spanish
942 _2lcc
_03
999 _c4090
_d4090